| 000 | 00440nam a22001817a 4500 | ||
|---|---|---|---|
| 003 | MPLRDC | ||
| 005 | 20220104125425.0 | ||
| 008 | 210129b ||||| |||| 00| 0 eng d | ||
| 082 | _a857.9 WRA v.5B | ||
| 100 | _a温瑞安 | ||
| 245 |
_a不朽若梦. 卷下 _c |
||
| 250 | _a初版 | ||
| 260 |
_a _b敦煌出版社 _c1990 |
||
| 300 | _b平 | ||
| 490 | _a温瑞安武侠丛刊. 5 | ||
| 650 | _a武侠小说 | ||
| 942 |
_cBK _o857.9 WRA v.5B |
||
| 999 |
_c27254 _d27244 |
||